[Event "Gibraltar Challengers Week 1"]
[Site "Gibraltar"]
[Date "2010.01.27"]
[Round "2.36"]
[White "Straub, Peter"]
[Black "Flanagan, Samuel"]
[Result "1-0"]
[WhiteElo "2116"]
[BlackElo "1787"]
[PlyCount "85"]
[EventDate "2010.01.26"]
[SourceDate "2010.01.26"]

1. d4 d5 2. Nf3 Nf6 3. c4 c6 4. g3 Bf5 5. Nc3 e6 6. Bg2 Bd6 7. O-O Nbd7 8. b3
Ne4 9. Bb2 h6 10. Nd2 Nxc3 11. Bxc3 Nf6 12. f3 Bg6 13. e4 Be7 14. Qe2 O-O 15.
e5 Nd7 16. f4 Re8 17. Rae1 f5 18. exf6 Bxf6 19. Nf3 Nc5 20. Qe3 Ne4 21. Ba1 Qa5
22. a4 dxc4 23. bxc4 Qxa4 24. Ne5 Bxe5 25. dxe5 Qxc4 26. Bxe4 Bxe4 27. Qxe4
Qxe4 28. Rxe4 Rad8 29. f5 exf5 30. Rxf5 Rd1+ 31. Rf1 Rd2 32. e6 Re7 33. Ref4
Re2 34. Rf8+ Kh7 35. R8f7 R2xe6 36. Bxg7 Kg6 37. Rxe7 Rxe7 38. Bd4 a6 39. Rf6+
Kg5 40. h4+ Kg4 41. Kf2 Rd7 42. Be3 h5 43. Kg2 1-0

[Event "Gibraltar Challengers Week 1"]
[Site "Gibraltar"]
[Date "2010.01.27"]
[Round "2.37"]
[White "Bishop, Geoffrey L"]
[Black "Seitz, Benjamin"]
[Result "0-1"]
[WhiteElo "1851"]
[BlackElo "2017"]
[PlyCount "85"]
[EventDate "2010.01.26"]
[SourceDate "2010.01.26"]

1. e4 Nc6 2. Nf3 Nf6 3. Nc3 d5 4. exd5 Nxd5 5. d4 Bg4 6. Be2 e6 7. O-O Be7 8.
Ne4 Nf6 9. Ng3 O-O 10. c3 Bd6 11. Ne5 Bxe5 12. Bxg4 Bxg3 13. fxg3 Nxg4 14. Qxg4
Ne7 15. Bg5 Qd7 16. Rad1 c6 17. h4 f5 18. Qe2 Nd5 19. Rde1 Rae8 20. g4 f4 21.
Qe5 Qf7 22. h5 h6 23. Bh4 g5 24. hxg6 Qxg6 25. Qh5 Qxh5 26. gxh5 Ne3 27. Rf3 e5
28. dxe5 Rxe5 29. g3 Rxh5 30. Be7 Rf7 31. Bd6 Nc4 32. Bxf4 Nxb2 33. Rfe3 Nc4
34. Re8+ Kh7 35. Ra8 Ra5 36. Re4 Nb6 37. Rd8 Nd5 38. Be5 Nf6 39. Re2 Re7 40.
Rf2 Raxe5 41. Rxf6 Re1+ 42. Kg2 Rc1 43. Rdd6 0-1

[Event "Gibraltar Challengers Week 1"]
[Site "Gibraltar"]
[Date "2010.01.27"]
[Round "2.38"]
[White "Rough, Robert E"]
[Black "Skage, Oystein Aagedal"]
[Result "0-1"]
[WhiteElo "1811"]
[BlackElo "1935"]
[PlyCount "76"]
[EventDate "2010.01.26"]
[SourceDate "2010.01.26"]

1. d4 Nf6 2. Bf4 d5 3. e3 Bg4 4. Nf3 e6 5. Be2 Be7 6. Nbd2 O-O 7. O-O Nbd7 8.
Ne5 Bxe2 9. Qxe2 c5 10. c3 Nxe5 11. Bxe5 Nd7 12. Bg3 Qb6 13. Nf3 Rfe8 14. Rfd1
Rad8 15. Rab1 Qa5 16. Ra1 Nf8 17. e4 Ng6 18. e5 Qa4 19. h4 Bf8 20. Ng5 h6 21.
Nf3 Rc8 22. dxc5 Bxc5 23. Nd4 Ne7 24. h5 Nc6 25. Qb5 Qxb5 26. Nxb5 Red8 27. Nd4
Nxd4 28. cxd4 Bb6 29. Bf4 Rc2 30. Rab1 Rdc8 31. Be3 Re2 32. Re1 Rec2 33. Kf1
Kf8 34. Re2 Ke7 35. Rxc2 Rxc2 36. Ke1 Kd7 37. Kd1 Rc4 38. Rc1 Rb4 0-1

[Event "Gibraltar Challengers Week 1"]
[Site "Gibraltar"]
[Date "2010.01.27"]
[Round "2.39"]
[White "Wright, Jonathan"]
[Black "Gravett, Alan D"]
[Result "1/2-1/2"]
[WhiteElo "1808"]
[BlackElo "1926"]
[PlyCount "70"]
[EventDate "2010.01.26"]
[SourceDate "2010.01.26"]

1. e4 c5 2. Nc3 d6 3. g3 g6 4. Bg2 Bg7 5. Nge2 Nc6 6. d3 e6 7. Bf4 Nd4 8. h3
Ne7 9. Qd2 Rb8 10. O-O O-O 11. Kh2 b5 12. Rae1 a5 13. Nd1 Nxe2 14. Rxe2 e5 15.
Bh6 f5 16. Bg5 Be6 17. a3 a4 18. exf5 gxf5 19. f4 Qe8 20. fxe5 Bxe5 21. Rfe1
Ng6 22. Bf4 Bf7 23. Bh6 Qd7 24. Bxf8 Rxf8 25. Qg5 Kh8 26. Kh1 f4 27. gxf4 Bxf4
28. Qf6+ Kg8 29. Nf2 Ba2 30. Qc3 Be5 31. Rxe5 Nxe5 32. Ne4 Rf3 33. Ng5 Rf2 34.
Ne4 Rf3 35. Ng5 Rf2 1/2-1/2

[Event "Gibraltar Challengers Week 1"]
[Site "Gibraltar"]
[Date "2010.01.27"]
[Round "2.41"]
[White "Pereira, Johnharry"]
[Black "Hansen, Erle Andrea Marki"]
[Result "1-0"]
[WhiteElo "1892"]
[BlackElo "1699"]
[PlyCount "83"]
[EventDate "2010.01.26"]
[SourceDate "2010.01.26"]

1. d4 f5 2. Nc3 Nf6 3. Bg5 e6 4. Bxf6 Qxf6 5. e4 Bb4 6. exf5 O-O 7. Nf3 exf5 8.
Bc4+ Kh8 9. O-O c6 10. Ne5 Bxc3 11. bxc3 d5 12. Bd3 c5 13. f4 Nc6 14. Bb5 Nxe5
15. dxe5 Qb6 16. Be2 c4+ 17. Qd4 Be6 18. Rfb1 Qc6 19. a4 b6 20. Rb4 Rfb8 21.
Rab1 Rb7 22. Bf3 Rd8 23. Rb5 Rbd7 24. a5 bxa5 25. Rxa5 Ra8 26. Rba1 Qb7 27. Ra6
Re7 28. Qxc4 dxc4 29. Bxb7 Rxb7 30. Rxe6 Rb2 31. Rc6 Rxc2 32. Rxc4 Kg8 33. Rc7
a5 34. Rd1 a4 35. Rdd7 a3 36. Rxg7+ Kh8 37. Rxh7+ Kg8 38. Rcg7+ Kf8 39. e6 a2
40. e7+ Ke8 41. Rh8+ Kd7 42. e8=Q+ 1-0

[Event "Gibraltar Challengers Week 1"]
[Site "Gibraltar"]
[Date "2010.01.28"]
[Round "3.1"]
[White "Vinas Guerrero, Carlos A"]
[Black "Lyell, Mark"]
[Result "1-0"]
[WhiteElo "2120"]
[BlackElo "2224"]
[PlyCount "67"]
[EventDate "2010.01.26"]
[SourceDate "2010.01.26"]

1. e4 e5 2. Nf3 Nc6 3. Nc3 Nf6 4. g3 Bc5 5. Bg2 d6 6. d3 Bg4 7. h3 Be6 8. Na4
Qe7 9. O-O O-O-O 10. Qe1 a6 11. Kh2 Ba7 12. c4 Nd7 13. b4 Nb6 14. Nb2 Nd7 15.
a4 Nd4 16. Nxd4 Bxd4 17. Rb1 f5 18. exf5 Bxf5 19. Qe2 Rhf8 20. Be3 Rde8 21.
Rfe1 Bc3 22. Bd2 Bxd2 23. Qxd2 Qf7 24. a5 Bg6 25. Nd1 e4 26. dxe4 Ne5 27. f4
Nxc4 28. Qd4 d5 29. Rc1 Nd6 30. e5 Nb5 31. Qxd5 Qxd5 32. Bxd5 Rd8 33. Nc3 Rfe8
34. Red1 1-0

[Event "Gibraltar Challengers Week 1"]
[Site "Gibraltar"]
[Date "2010.01.28"]
[Round "3.2"]
[White "Arvola, Benjamin"]
[Black "Fokin, Sergey"]
[Result "1-0"]
[WhiteElo "2218"]
[BlackElo "2109"]
[PlyCount "65"]
[EventDate "2010.01.26"]
[SourceDate "2010.01.26"]

1. e4 c5 2. Nf3 e6 3. d4 cxd4 4. Nxd4 a6 5. Nc3 b5 6. Bd3 Qb6 7. Nf3 Qc7 8. O-O
d6 9. Re1 Nd7 10. Qe2 b4 11. Na4 Ngf6 12. a3 bxa3 13. Rxa3 d5 14. exd5 Nxd5 15.
Nc3 N5f6 16. Nb5 Qb8 17. Nbd4 Nc5 18. Rc3 Nd5 19. Rc4 Nb6 20. Bf4 Qb7 21. Rxc5
Bxc5 22. Nf5 O-O 23. Nxg7 Kxg7 24. Qe5+ f6 25. Qxc5 Nd5 26. Bh6+ Kxh6 27. Qxf8+
Qg7 28. Qd6 Qc7 29. Rxe6 Bxe6 30. Qxe6 Rd8 31. Qh3+ Kg7 32. Nd4 Qd7 33. Ne6+
1-0

[Event "Gibraltar Challengers Week 1"]
[Site "Gibraltar"]
[Date "2010.01.28"]
[Round "3.3"]
[White "Daoudi, Kamal"]
[Black "Jayakumar, Adarsh"]
[Result "0-1"]
[WhiteElo "2142"]
[BlackElo "2090"]
[PlyCount "84"]
[EventDate "2010.01.26"]
[SourceDate "2010.01.26"]

1. e4 c5 2. Nf3 Nc6 3. d4 cxd4 4. Nxd4 Nf6 5. Nc3 e5 6. Ndb5 d6 7. Bg5 a6 8.
Na3 b5 9. Bxf6 gxf6 10. Nd5 Bg7 11. Qh5 Ne7 12. Ne3 f5 13. exf5 e4 14. O-O-O
O-O 15. g3 d5 16. Qg5 Qd6 17. Bg2 Kh8 18. c3 b4 19. Nac4 Qf6 20. Qxf6 Bxf6 21.
Nb6 Rb8 22. Nbxd5 Nxd5 23. Rxd5 bxc3 24. b3 Kg7 25. Kc2 Bb7 26. Rd7 Rfe8 27.
Rhd1 Bc6 28. R7d6 Bb5 29. Bf1 a5 30. Bxb5 Rxb5 31. R1d5 Rxd5 32. Nxd5 Be5 33.
Rc6 Bd4 34. f6+ Kg6 35. Ne7+ Kg5 36. Nd5 Bxf2 37. Nxc3 Bd4 38. Ne2 Bxf6 39. h4+
Kg6 40. g4 Kg7 41. g5 Bd8 42. Kd2 f6 {No further moves were recorded} 0-1

[Event "Gibraltar Challengers Week 1"]
[Site "Gibraltar"]
[Date "2010.01.28"]
[Round "3.4"]
[White "Avalos Parra, Joao"]
[Black "Cafolla, Peter"]
[Result "1/2-1/2"]
[WhiteElo "2245"]
[BlackElo "2042"]
[PlyCount "106"]
[EventDate "2010.01.26"]
[SourceDate "2010.01.26"]

1. d4 d5 2. c4 e6 3. Nf3 c5 4. g3 Nf6 5. Bg2 Nc6 6. O-O Be7 7. cxd5 exd5 8.
dxc5 Bxc5 9. Bg5 Be7 10. Nc3 Be6 11. Nd4 h6 12. Bxf6 Bxf6 13. Nxe6 fxe6 14. Qb3
Qe7 15. e4 d4 16. Ne2 e5 17. a3 Qf7 18. Qa4 O-O 19. Nc1 a6 20. Nd3 b5 21. Qd1
Na5 22. f4 Qb3 23. fxe5 Bg5 24. Qxb3+ Nxb3 25. Rxf8+ Rxf8 26. Rf1 Rxf1+ 27.
Kxf1 Nc1 28. Nf4 Bxf4 29. gxf4 Nd3 30. Bh3 Nxb2 31. Bc8 Nc4 32. Bxa6 Nxa3 33.
Ke2 b4 34. Bb7 Kf8 35. Bd5 Nc2 36. Kd3 Ne3 37. Kxd4 Ng2 38. f5 Nh4 39. Kc5 Ke7
40. e6 Nf3 41. h3 b3 42. Bxb3 Ng5 43. e5 Nxh3 44. f6+ gxf6 45. exf6+ Kxf6 46.
Kd6 Ng5 47. e7 Ne4+ 48. Kd7 Kg5 49. Ke6 Nf6 50. Bd1 Kg6 51. Bh5+ Kg5 52. Kf7
Ne4 53. Kg7 Nf6 1/2-1/2

[Event "Gibraltar Challengers Week 1"]
[Site "Gibraltar"]
[Date "2010.01.28"]
[Round "3.5"]
[White "Mikalsen, Erlend"]
[Black "Rioseco Pinochet, Fernan"]
[Result "0-1"]
[WhiteElo "1973"]
[BlackElo "2226"]
[PlyCount "68"]
[EventDate "2010.01.26"]
[SourceDate "2010.01.26"]

1. e4 c5 2. Nf3 e6 3. d4 cxd4 4. Nxd4 a6 5. Nc3 Qc7 6. a3 Nf6 7. Be3 b5 8. Bd3
Bb7 9. O-O Bc5 10. Qe2 Qb6 11. Nb3 Bxe3 12. fxe3 Nc6 13. a4 b4 14. a5 Qc7 15.
Nb1 Ne5 16. N1d2 h5 17. Ra4 Neg4 18. Nf3 Nxe4 19. Rxb4 f5 20. Rc4 Qb8 21. Nbd2
Bd5 22. Rxe4 fxe4 23. Bxe4 Bxe4 24. Nxe4 O-O 25. b3 Qb5 26. Qxb5 axb5 27. b4
Nxe3 28. Rf2 Rfc8 29. c3 Nd5 30. Rc2 Nxb4 31. Rb2 Nd5 32. Rxb5 Nxc3 33. Nxc3
Rxc3 34. Rxh5 Ra3 0-1

[Event "Gibraltar Challengers Week 1"]
[Site "Gibraltar"]
[Date "2010.01.28"]
[Round "3.6"]
[White "Tjolsen, Katrine"]
[Black "Lumsdon, Andrew"]
[Result "1-0"]
[WhiteElo "2212"]
[BlackElo "2090"]
[PlyCount "53"]
[EventDate "2010.01.26"]
[SourceDate "2010.01.26"]

1. c4 e5 2. Nc3 Bb4 3. Nf3 Bxc3 4. dxc3 d6 5. c5 dxc5 6. Qxd8+ Kxd8 7. Nxe5 Ke7
8. e4 f6 9. Nc4 Be6 10. Bf4 Nd7 11. Bxc7 Nh6 12. Bd6+ Kf7 13. O-O-O Ng4 14. Bg3
b6 15. Nd6+ Ke7 16. Bb5 Nde5 17. f4 Nf7 18. f5 Bxa2 19. Nxf7 Kxf7 20. Rd7+ Kg8
21. Rhd1 h6 22. Re7 Kh7 23. Rdd7 Rhg8 24. Be2 Ne3 25. Bh5 Kh8 26. Bf4 Nxg2 27.
Bxh6 1-0

[Event "Gibraltar Challengers Week 1"]
[Site "Gibraltar"]
[Date "2010.01.28"]
[Round "3.7"]
[White "Fegan, Chris"]
[Black "Eden, Tomer"]
[Result "0-1"]
[WhiteElo "2093"]
[BlackElo "2191"]
[PlyCount "46"]
[EventDate "2010.01.26"]
[SourceDate "2010.01.26"]

1. d4 Nf6 2. Nf3 e6 3. e3 Nc6 4. a3 d5 5. Bd3 Bd6 6. b4 e5 7. c4 e4 8. cxd5 Ne7
9. Bb5+ c6 10. dxc6 bxc6 11. Ba4 exf3 12. Qxf3 O-O 13. h3 Ba6 14. Bb2 Nfd5 15.
Nd2 Bc7 16. Rc1 Rb8 17. Ne4 Nxb4 18. axb4 Rxb4 19. Nc5 Rxb2 20. Nxa6 Bd6 21.
O-O Qa5 22. Rxc6 Nxc6 23. Qxc6 Rb6 0-1

[Event "Gibraltar Challengers Week 1"]
[Site "Gibraltar"]
[Date "2010.01.28"]
[Round "3.8"]
[White "Vea, Odin Blikra"]
[Black "Odeh, Kenneth"]
[Result "1-0"]
[WhiteElo "2189"]
[BlackElo "2012"]
[PlyCount "93"]
[EventDate "2010.01.26"]
[SourceDate "2010.01.26"]

1. e4 c6 2. Ne2 e5 3. d4 Nf6 4. Nbc3 d6 5. g3 Be7 6. Bg2 O-O 7. O-O Bg4 8. h3
Be6 9. f4 exf4 10. Nxf4 d5 11. exd5 Bxd5 12. Ncxd5 cxd5 13. c4 Nc6 14. Nxd5
Nxd5 15. Bxd5 Qc7 16. Bf4 Qb6 17. Be3 Qxb2 18. Rb1 Qa3 19. Qf3 Bf6 20. Rxb7
Nxd4 21. Bxd4 Qxf3 22. Rxf3 Bxd4+ 23. Kf1 Kh8 24. Rbxf7 Rxf7 25. Rxf7 Rb8 26.
Ke2 h6 27. Kd3 Bb6 28. Ke4 Kh7 29. Be6 Kg6 30. Kd5 Re8 31. c5 Bxc5 32. Rf1 Rf8
33. Bf7+ Rxf7 34. Rxf7 Kxf7 35. Kxc5 Ke6 36. Kb5 Kd5 37. Ka6 h5 38. Kxa7 g5 39.
Kb6 g4 40. hxg4 hxg4 41. a4 Ke4 42. a5 Kf3 43. a6 Kxg3 44. a7 Kh2 45. a8=Q g3
46. Qh8+ Kg1 47. Qd4+ 1-0

[Event "Gibraltar Challengers Week 1"]
[Site "Gibraltar"]
[Date "2010.01.28"]
[Round "3.9"]
[White "Jameson, David"]
[Black "Kawuma, Steven Male"]
[Result "0-1"]
[WhiteElo "2053"]
[BlackElo "2187"]
[PlyCount "76"]
[EventDate "2010.01.26"]
[SourceDate "2010.01.26"]

1. e4 c5 2. Nc3 Nc6 3. f4 g6 4. Nf3 d6 5. Bb5 Bg7 6. d3 Nh6 7. O-O O-O 8. Bxc6
bxc6 9. Bd2 Rb8 10. h3 f5 11. Rb1 fxe4 12. dxe4 Ba6 13. Re1 Qd7 14. b3 Nf7 15.
Na4 c4 16. Bc3 cxb3 17. axb3 Bxc3 18. Nxc3 Nd8 19. Ra1 Qb7 20. Qd2 Qb6+ 21. Kh1
Nf7 22. Qd4 Bb5 23. Nxb5 Qxb5 24. Rxa7 Rbe8 25. Qe3 Qh5 26. Nd4 Nd8 27. b4 e5
28. fxe5 Qxe5 29. Qb3+ d5 30. Nf3 Qg3 31. Qc3 Ne6 32. Rd1 d4 33. Qxc6 Nd8 34.
Qd7 Nf7 35. Qxd4 Rd8 36. Rd7 Rxd7 37. Qxd7 Rd8 38. Qxd8+ Nxd8 {No further
moves were recorded} 0-1

[Event "Gibraltar Challengers Week 1"]
[Site "Gibraltar"]
[Date "2010.01.28"]
[Round "3.10"]
[White "Pettersen, Joar Gullestad"]
[Black "Gandrud, Vegar Koi"]
[Result "1/2-1/2"]
[WhiteElo "2020"]
[BlackElo "2158"]
[PlyCount "34"]
[EventDate "2010.01.26"]
[SourceDate "2010.01.26"]

1. e4 d5 2. exd5 Nf6 3. d4 Nxd5 4. c4 Nb6 5. Nf3 g6 6. c5 Nd5 7. Bc4 Bg7 8. Nc3
c6 9. Qb3 O-O 10. O-O Nxc3 11. bxc3 b5 12. cxb6 axb6 13. Re1 b5 14. Bd3 Be6 15.
Qc2 Bd5 16. Bg5 Re8 17. Nd2 Nd7 1/2-1/2

[Event "Gibraltar Challengers Week 1"]
[Site "Gibraltar"]
[Date "2010.01.28"]
[Round "3.11"]
[White "Jacobsen, Fredrik Beer"]
[Black "Nilsen, Joachim Birger"]
[Result "0-1"]
[WhiteElo "1952"]
[BlackElo "2152"]
[PlyCount "60"]
[EventDate "2010.01.26"]
[SourceDate "2010.01.26"]

1. e4 e5 2. Nf3 Nc6 3. Bb5 a6 4. Bxc6 dxc6 5. O-O f6 6. d4 exd4 7. Nxd4 c5 8.
Nf3 Qxd1 9. Rxd1 Bg4 10. Bf4 Rc8 11. Nc3 Ne7 12. Nd5 Nxd5 13. Rxd5 Be6 14. Rd2
Be7 15. e5 f5 16. Bg5 h6 17. Bxe7 Kxe7 18. Rad1 g5 19. b3 a5 20. Ne1 f4 21. Nd3
b6 22. g3 Rcf8 23. Nc1 Bg4 24. Re1 Rd8 25. Rxd8 Rxd8 26. Nd3 Bf5 27. gxf4 Bxd3
28. cxd3 gxf4 29. Rd1 f3 30. Kf1 Rd5 0-1

[Event "Gibraltar Challengers Week 1"]
[Site "Gibraltar"]
[Date "2010.01.28"]
[Round "3.12"]
[White "Hagen, Anders Gjerdrum"]
[Black "Zanetti, Bruno"]
[Result "1-0"]
[WhiteElo "2108"]
[BlackElo "1978"]
[PlyCount "43"]
[EventDate "2010.01.26"]
[SourceDate "2010.01.26"]

1. d4 d5 2. c4 c6 3. Nf3 e6 4. Nc3 f5 5. Bf4 Bd6 6. Bxd6 Qxd6 7. e3 Nf6 8. Bd3
O-O 9. O-O Bd7 10. Qb3 b6 11. Rac1 Ne4 12. Rc2 Be8 13. cxd5 cxd5 14. Rfc1 Nxc3
15. Qxc3 Nc6 16. Bb5 Nb4 17. Bxe8 Rfxe8 18. Qa3 Qf8 19. Rc3 Rec8 20. Rxc8 Rxc8
21. Rxc8 Qxc8 22. Qxb4 1-0

[Event "Gibraltar Challengers Week 1"]
[Site "Gibraltar"]
[Date "2010.01.28"]
[Round "3.13"]
[White "Allor, Chukwuka"]
[Black "Young, Mel J"]
[Result "1-0"]
[WhiteElo "2100"]
[BlackElo "1971"]
[PlyCount "57"]
[EventDate "2010.01.26"]
[SourceDate "2010.01.26"]

1. e4 c5 2. Nf3 d6 3. d4 cxd4 4. Nxd4 Nf6 5. Nc3 a6 6. Be3 e5 7. Nb3 Be6 8. Qd2
Be7 9. f3 O-O 10. O-O-O Qc7 11. g4 Rc8 12. Kb1 d5 13. exd5 Nxd5 14. Nxd5 Bxd5
15. Be2 Bxb3 16. axb3 Nc6 17. c3 Rd8 18. Qc2 Rac8 19. Bd3 Rxd3 20. Qxd3 Na5 21.
Qd7 Nxb3 22. Qxc7 Rxc7 23. Ka2 Nc5 24. Bxc5 Bxc5 25. Rd8+ Bf8 26. Rhd1 f6 27.
R1d7 Rxd7 28. Rxd7 b6 29. b4 1-0

[Event "Gibraltar Challengers Week 1"]
[Site "Gibraltar"]
[Date "2010.01.28"]
[Round "3.14"]
[White "Ungureanu, Sandu"]
[Black "Horrocks, Stephen J"]
[Result "1-0"]
[WhiteElo "2100"]
[BlackElo "1992"]
[PlyCount "45"]
[EventDate "2010.01.26"]
[SourceDate "2010.01.26"]

1. e4 c6 2. d4 d5 3. e5 c5 4. c3 Nc6 5. Be3 cxd4 6. cxd4 Bf5 7. Nc3 e6 8. a3 a6
9. Bd3 Nge7 10. Nge2 Bxd3 11. Qxd3 Nf5 12. O-O h5 13. b4 Be7 14. Rac1 O-O 15.
Ng3 Nxg3 16. hxg3 g6 17. Ne2 Bg5 18. Rc3 Na7 19. Rfc1 Bxe3 20. Qxe3 Kg7 21. Rc7
Rb8 22. Nf4 Nc6 23. Nxe6+ 1-0

[Event "Gibraltar Challengers Week 1"]
[Site "Gibraltar"]
[Date "2010.01.28"]
[Round "3.15"]
[White "Indrebo, Kyrre"]
[Black "Wallgren, Ulf"]
[Result "0-1"]
[WhiteElo "1730"]
[BlackElo "2100"]
[PlyCount "80"]
[EventDate "2010.01.26"]
[SourceDate "2010.01.26"]

1. d4 e6 2. c4 f5 3. g3 Nf6 4. Bg2 Be7 5. Nf3 O-O 6. O-O d6 7. Nc3 a5 8. Rb1
Ne4 9. Qc2 Nxc3 10. Qxc3 Bf6 11. b3 Nc6 12. Qd2 e5 13. d5 Ne7 14. Ng5 Bxg5 15.
Qxg5 h6 16. Qd2 f4 17. gxf4 Rxf4 18. Qd3 Rd4 19. Qc2 Rh4 20. f4 Nf5 21. fxe5
Nd4 22. Qd3 dxe5 23. e3 Ne6 24. Qg6 Ng5 25. Ba3 Bh3 26. Bxh3 Nxh3+ 27. Kh1 Qg5
28. Qe6+ Kh8 29. Rf3 Qh5 30. Rbf1 Nf4 31. Rxf4 Rxh2+ 32. Kg1 Rh1+ 33. Kf2 Rxf1+
34. Kxf1 exf4 35. exf4 Qf3+ 36. Ke1 Qxf4 37. Be7 a4 38. c5 axb3 39. axb3 Qh2
40. Bf6 Qg3+ 0-1

[Event "Gibraltar Challengers Week 1"]
[Site "Gibraltar"]
[Date "2010.01.28"]
[Round "3.16"]
[White "Molina, Antonio"]
[Black "Staples, Daniel J"]
[Result "1-0"]
[WhiteElo "2148"]
[BlackElo "1896"]
[PlyCount "31"]
[EventDate "2010.01.26"]
[SourceDate "2010.01.26"]

1. d4 d6 2. Nf3 g6 3. c4 Bg7 4. e4 c5 5. Be2 Bg4 6. d5 Bxf3 7. Bxf3 Qa5+ 8. Nd2
b5 9. cxb5 Qxb5 10. Be2 Qb4 11. Bc4 Bh6 12. Qc2 Nf6 13. O-O Nbd7 14. a3 Qb6 15.
Be2 O-O 16. Nc4 1-0

[Event "Gibraltar Challengers Week 1"]
[Site "Gibraltar"]
[Date "2010.01.28"]
[Round "3.17"]
[White "Dasaolu, Adeoye"]
[Black "Mlynek, Petr"]
[Result "1-0"]
[WhiteElo "2068"]
[BlackElo "2218"]
[PlyCount "107"]
[EventDate "2010.01.26"]
[SourceDate "2010.01.26"]

1. Nf3 d5 2. d4 c6 3. Bg5 h6 4. Bh4 Qb6 5. b3 Bf5 6. e3 Nf6 7. Bd3 Ne4 8. O-O
Nd7 9. c4 e6 10. c5 Qc7 11. Bxe4 Bxe4 12. Nc3 Bh7 13. b4 Be7 14. Bg3 Qd8 15.
Re1 O-O 16. Qb3 Re8 17. Rad1 Nf6 18. h3 Ne4 19. Nxe4 Bxe4 20. Nd2 Bg6 21. a4 a6
22. Nb1 Bf6 23. Qc3 Qd7 24. Qb2 Bd8 25. Nc3 Bc7 26. Be5 f6 27. Bxc7 Qxc7 28. e4
dxe4 29. Nxe4 Bxe4 30. Rxe4 Qd7 31. Rde1 Qd5 32. Qe2 Kf7 33. g4 Re7 34. h4 Rae8
35. Qc2 e5 36. dxe5 Rxe5 37. Rxe5 Rxe5 38. Rxe5 Qxe5 39. Qc4+ Qe6 40. Qd4 f5
41. gxf5 Qxf5 42. Kh2 Qf3 43. Qd7+ Kg6 44. Kg1 Qf7 45. h5+ Kf6 46. Qg4 Ke7 47.
Qe4+ Qe6 48. Qd4 Qf6 49. Qe4+ Kf8 50. Qg4 Kf7 51. Kg2 Qe6 52. Qf4+ Kg8 53. Kg3
Qb3+ 54. f3 {No further moves were recorded} 1-0

[Event "Gibraltar Challengers Week 1"]
[Site "Gibraltar"]
[Date "2010.01.28"]
[Round "3.18"]
[White "Seitz, Benjamin"]
[Black "Tscharotschkin, Michael"]
[Result "0-1"]
[WhiteElo "2017"]
[BlackElo "2211"]
[PlyCount "113"]
[EventDate "2010.01.26"]
[SourceDate "2010.01.26"]

1. d4 d5 2. Nf3 Nf6 3. e3 Bf5 4. Nbd2 e6 5. Bd3 Bxd3 6. cxd3 Nbd7 7. O-O Be7 8.
b3 O-O 9. Bb2 Rc8 10. Qe2 c5 11. dxc5 Bxc5 12. Rfc1 Qe7 13. a3 Bd6 14. b4 Nb6
15. Nb3 Na4 16. h3 Nd7 17. Rxc8 Rxc8 18. Rc1 Qd8 19. Qd2 Rxc1+ 20. Qxc1 Nxb2
21. Qxb2 Qc7 22. Ne1 Be5 23. Qc2 Qc3 24. Qxc3 Bxc3 25. Nc2 Ne5 26. Nc5 Bb2 27.
Nxb7 Nxd3 28. Na5 Ne5 29. b5 Bc3 30. Nb3 Kf8 31. Kf1 Ke7 32. Ke2 Kd6 33. f4 Nc4
34. Kd3 Bb2 35. a4 Bf6 36. a5 Bd8 37. b6 axb6 38. axb6 Bxb6 39. Ncd4 f6 40.
Nb5+ Kd7 41. e4 Ne3 42. exd5 Nxg2 43. dxe6+ Kxe6 44. Ke4 f5+ 45. Kf3 Nh4+ 46.
Kg3 Ng6 47. N5d4+ Kf6 48. Ne2 Ne7 49. h4 g6 50. Nbd4 Nd5 51. Kf3 Bc7 52. Nc2
Nb6 53. Ne3 Bd6 54. Nc3 Ke6 55. Ne2 Bc5 56. Ng1 Bxe3 57. Kxe3 {No further
moves were recorded} 0-1

[Event "Gibraltar Challengers Week 1"]
[Site "Gibraltar"]
[Date "2010.01.28"]
[Round "3.19"]
[White "Stanek, Stanislav"]
[Black "Ivanov, Stojan Emilov"]
[Result "0-1"]
[WhiteElo "2007"]
[BlackElo "2198"]
[PlyCount "74"]
[EventDate "2010.01.26"]
[SourceDate "2010.01.26"]

1. d4 Nf6 2. Bf4 g6 3. e3 Bg7 4. Nd2 O-O 5. Ngf3 b6 6. Bd3 Bb7 7. Qe2 Nd5 8.
Be5 f6 9. Bg3 Nb4 10. c4 Nxd3+ 11. Qxd3 c5 12. d5 e5 13. dxe6 dxe6 14. Qxd8
Rxd8 15. O-O-O Na6 16. a3 e5 17. Nb1 Nc7 18. Nc3 Kf7 19. Rxd8 Rxd8 20. Rd1
Rxd1+ 21. Kxd1 Ke6 22. Ne1 Ba6 23. b3 Bb7 24. f3 Bh6 25. Ke2 Bc6 26. Nd3 Ne8
27. Bf2 Nd6 28. Nb2 f5 29. Be1 Bg7 30. Ncd1 g5 31. Bc3 h5 32. g3 Bf6 33. Nf2 e4
34. Bxf6 exf3+ 35. Kf1 Kxf6 36. b4 cxb4 37. axb4 Nxc4 0-1

[Event "Gibraltar Challengers Week 1"]
[Site "Gibraltar"]
[Date "2010.01.28"]
[Round "3.20"]
[White "Urbina Perez, Juan Antonio"]
[Black "Brown, Thomas E"]
[Result "1-0"]
[WhiteElo "2197"]
[BlackElo "2064"]
[PlyCount "49"]
[EventDate "2010.01.26"]
[SourceDate "2010.01.26"]

1. e4 c5 2. Nf3 g6 3. d4 cxd4 4. Nxd4 Nf6 5. Nc3 d6 6. Be3 Bg7 7. f3 O-O 8. Qd2
Nc6 9. g4 Be6 10. O-O-O Nxd4 11. Bxd4 Qa5 12. Kb1 Nd7 13. Bxg7 Kxg7 14. h4 h6
15. Be2 Rac8 16. f4 Kh7 17. h5 g5 18. e5 Rxc3 19. Qxc3 Qxc3 20. bxc3 gxf4 21.
exd6 exd6 22. Rxd6 Ne5 23. Rf1 Nxg4 24. Rxf4 Rg8 25. Rxe6 1-0

[Event "Gibraltar Challengers Week 1"]
[Site "Gibraltar"]
[Date "2010.01.28"]
[Round "3.21"]
[White "Byron, Alan M"]
[Black "Isherwood, Paul"]
[Result "1-0"]
[WhiteElo "2196"]
[BlackElo "2017"]
[PlyCount "41"]
[EventDate "2010.01.26"]
[SourceDate "2010.01.26"]

1. e4 d6 2. d4 Nf6 3. Nc3 Nbd7 4. f4 e5 5. Nf3 exd4 6. Qxd4 c6 7. h3 d5 8. e5
Bc5 9. Qd3 Nh5 10. Ne2 Be7 11. Be3 g6 12. O-O-O Ng7 13. g4 Qc7 14. Qc3 O-O 15.
f5 Re8 16. Bh6 Bf8 17. Nf4 d4 18. Rxd4 Nxf5 19. Bxf8 Nxf8 20. gxf5 Bxf5 21. Bd3
1-0

[Event "Gibraltar Challengers Week 1"]
[Site "Gibraltar"]
[Date "2010.01.28"]
[Round "3.22"]
[White "Kvisla, Johannes Luangtep"]
[Black "Bauer, Peter"]
[Result "1-0"]
[WhiteElo "2161"]
[BlackElo "1944"]
[PlyCount "71"]
[EventDate "2010.01.26"]
[SourceDate "2010.01.26"]

1. e4 e5 2. d4 exd4 3. Qxd4 Nc6 4. Qe3 Nf6 5. Nc3 Bb4 6. Bd2 O-O 7. O-O-O Re8
8. f3 d6 9. g4 Be6 10. h4 d5 11. Qf2 dxe4 12. Bg5 Qe7 13. Nge2 exf3 14. Qxf3
Bxg4 15. Qg2 Bxc3 16. Nxc3 Bxd1 17. Nd5 Qe1 18. Nxf6+ gxf6 19. Bd2+ Bg4+ 20.
Bxe1 Rxe1+ 21. Kd2 Rd1+ 22. Kc3 h5 23. Bd3 Rxh1 24. Qxh1 Re8 25. Qg1 Kf8 26.
Qc5+ Kg7 27. Qb5 Rb8 28. Qc5 Ne5 29. Qxa7 Nc6 30. Qg1 Ne5 31. Be4 b6 32. b3 Kh6
33. Kb2 f5 34. Qe3+ Kh7 35. Bxf5+ Bxf5 36. Qxe5 1-0

[Event "Gibraltar Challengers Week 1"]
[Site "Gibraltar"]
[Date "2010.01.28"]
[Round "3.23"]
[White "Haarr, Jon Kristian"]
[Black "Tari, Aryan"]
[Result "0-1"]
[WhiteElo "2157"]
[BlackElo "1932"]
[PlyCount "76"]
[EventDate "2010.01.26"]
[SourceDate "2010.01.26"]

1. e4 c6 2. c4 d5 3. cxd5 cxd5 4. exd5 Nf6 5. Nc3 Nxd5 6. Bc4 e6 7. Nf3 Nc6 8.
O-O Be7 9. d4 O-O 10. Re1 Nb6 11. Bb5 Nb4 12. a3 N4d5 13. Ne5 Bf6 14. Ne4 Be7
15. Bd3 Nd7 16. Bc2 Nxe5 17. dxe5 Qc7 18. Ng5 g6 19. Nxh7 Kxh7 20. Qh5+ Kg8 21.
Bxg6 fxg6 22. Qxg6+ Kh8 23. Bh6 Rg8 24. Qh5 Qc2 25. Bd2+ Qh7 26. Qe2 Bd7 27.
Rac1 Bc6 28. g3 Raf8 29. b4 Qh3 30. Qf1 Qxf1+ 31. Rxf1 Nf4 32. Bxf4 Rxf4 33.
Rfd1 Rf3 34. b5 Bd5 35. a4 Rgf8 36. Rc7 Bd8 37. Rd7 Bb6 38. a5 Bxf2+ 0-1